RLS's - landlords of choice or last resort (Record no. 68628)

MARC details
000 -LEADER
fixed length control field 01346cam a2200241 4500
001 - CONTROL NUMBER
control field ABS64678
008 - FIXED-LENGTH DATA ELEMENTS--GENERAL INFORMATION
fixed length control field 011022n2001 000 0 eng u
035 ## - SYSTEM CONTROL NUMBER
System control number (Sirsi) u115242
245 ## - TITLE STATEMENT
Title RLS's - landlords of choice or last resort
260 ## - PUBLICATION, DISTRIBUTION, ETC.
Date of publication, distribution, etc. 2001
490 ## - SERIES STATEMENT
Series statement Property Forecast
Volume/sequential designation 4(9) September 2001, 2-3(2)
520 ## - SUMMARY, ETC.
Summary, etc. Considers the outlook for Registered Social Landlords (RSLs) and reviews their performance to date. RSL advantages include their high quality stock, good security, lower rents in relation to the private rented sector and the planned transfer of local authority housing stock to new or existing RSLs. However, RSLs have been affected by changes in affordable housing provision and are concerned about being viewed as a welfare sector. In addition, inconsistencies over RSL rental incomes have prompted government to introduce target rents which will force rents in some areas to go up or down, having implications for tenants. Concludes that in spite of these issues, the postition of housing associations is still strong. Tables.
590 ## - LOCAL NOTE (RLIN)
Local note ABS
650 ## - SUBJECT ADDED ENTRY--TOPICAL TERM
Topical term or geographic name entry element REGISTERED SOCIAL LANDLORDS
650 ## - SUBJECT ADDED ENTRY--TOPICAL TERM
Topical term or geographic name entry element RENTS
650 ## - SUBJECT ADDED ENTRY--TOPICAL TERM
Topical term or geographic name entry element RSLS
650 ## - SUBJECT ADDED ENTRY--TOPICAL TERM
Topical term or geographic name entry element SOCIAL HOUSING
650 ## - SUBJECT ADDED ENTRY--TOPICAL TERM
Topical term or geographic name entry element HOUSING ASSOCIATIONS
650 ## - SUBJECT ADDED ENTRY--TOPICAL TERM
Topical term or geographic name entry element HOUSING STOCK
650 ## - SUBJECT ADDED ENTRY--TOPICAL TERM
Topical term or geographic name entry element TRANSFERS
690 ## - LOCAL SUBJECT ADDED ENTRY--TOPICAL TERM (OCLC, RLIN)
Topical term or geographic name as entry element Affordable housing
9 (RLIN) 6215
942 ## - ADDED ENTRY ELEMENTS (KOHA)
Suppress in OPAC 0
Holdings
Withdrawn status Lost status Source of classification or shelving scheme Damaged status Not for loan Home library Current library Shelving location Date acquired Total Checkouts Full call number Barcode Date last seen Copy number Price effective from Koha item type
    Dewey Decimal Classification     London London Journal article 22/10/2001   ABS64678 115242-1001 06/08/2019 1 06/08/2019 Journal article